Who Moved My Cheese? (Record no. 8495)

MARC details
000 -LEADER
fixed length control field 00462nam a22001337a 4500
008 - FIXED-LENGTH DATA ELEMENTS--GENERAL INFORMATION
fixed length control field 200220b ||||| |||| 00| 0 eng d
020 ## - INTERNATIONAL STANDARD BOOK NUMBER
International Standard Book Number 9780091816971
082 ## -
Classification number 153.4 JOW
100 ## - MAIN ENTRY--PERSONAL NAME
Personal name Johnson, Spencer
245 ## - TITLE STATEMENT
Title Who Moved My Cheese?
Remainder of title An A-Mazing Way to Deal with Change in Your Work and in Your Life
Medium English
Number of part/section of a work Paperback: 95 pages
Name of part/section of a work Dimensions: 5 x 0.3 x 7.8 inches
250 ## - EDITION STATEMENT
Edition statement 2nd edition
Remainder of edition statement 1999
260 ## - PUBLICATION, DISTRIBUTION, ETC. (IMPRINT)
Place of publication, distribution, etc New Delhi
Name of publisher, distributor, etc Penguin Books India
Holdings
Withdrawn status Lost status Source of classification or shelving scheme Damaged status Koha normalized classification for sorting Not for loan Koha collection Location (home branch) Sublocation or collection (holding branch) Date acquired Source of acquisition Currency Cost, normal purchase price Bill Number Koha issues (times borrowed) Koha full call number Piece designation (barcode) Koha date last seen Koha date last borrowed Copy number Actual Cost, discounted price Bill Date Koha item type Public note
    Dewey Decimal Classification   158_100000000000000_JOW   GENERAL PIET C-LIBRARY PIET C-LIBRARY 20/02/2020 KIRTI PRAKASHAN NEW DELHI IN Rupees 199.00 IN6147 13 158.1 JOW 31678 18/03/2024 13/03/2024 1 143.00 23/01/2020 Text Books Motivational

Design & Developed by: PIET Central Library
R70 Miles Stone Pattikalyana Samalkha Panipat 132102
mail ID :- [email protected], Phone No:- 0180-2569700 Ex.216